|
|
|
|
| LEADER |
00660nam a2200217Ia 4500 |
| 008 |
240829s9999 xx 000 0 und d |
| 020 |
|
|
|a 0-07-062830-0
|
| 040 |
|
|
|a BIBLIOTECA-RUSB/ 658.562 T128
|
| 041 |
|
|
|a spa
|
| 082 |
|
|
|a 658.562 T128
|
| 100 |
1 |
|
|a Taguchi Genichi, Elsayed Elsayed A.
|
| 245 |
1 |
0 |
|a Quality engineering in production system
|
| 260 |
|
|
|a New York
|b McGraw-Hill
|c 1989
|
| 300 |
|
|
|a 173 p. :il.
|
| 650 |
7 |
|
|a CONTROL TOTAL DE LA CALIDAD
|
| 650 |
7 |
|
|b ADMINISTRACIÓN DE LA PRODUCCIÓN
|
| 650 |
7 |
|
|c MÉTODOS ESTADÍSTICOS
|
| 650 |
7 |
|
|d MEJORAMIENTO CONTINUO EN EL DESARROLLO DE SISTEMAS
|
| 942 |
|
|
|c BK
|2 ddc
|
| 991 |
|
|
|a TEXTO
|
| 999 |
|
|
|c 4230
|